000 00716nam a2200181 i 4500
001 166105
003 ES-MaACL
005 20230906213250.0
008 990222s1869 po |||| | por d
040 _aCCPB | B
_bspa
_cCCPB | B
100 1 _aVasconcellos, A. A. Teixeira de (
_d1816-1878)
_9133566
245 1 0 _aLivros para o povo.
_nIII,
_pDuas Facadas, narração popular /
_cpor A.A. Teixeira de Vasconcellos.
260 _aLisboa :
_bTypographia Portugueza,
_c1869.
300 _aXI, 176 p. ;
_c15 cm.
597 _aVol. V.
597 _aAntep.
852 _aES-MaACL
_jT-639-F-2
_z-- Enc. hol., conservando la cub. original
_z-- Enc. en un vol. facticio
_x-- Edic.: añadir en T440 (Livros para o povo ; 3)
999 _c166105
_d166105